000 00764nam a2200253 4500
001 35625
003 BD-RjUL
005 20211209052344.0
008 140528s1954 nyu b 001 0 eng d
035 _a(BD-RjUL)35720
040 _aDLC
_cDLC
_dDLC
_dBD-RjUL
_beng
041 _aeng
082 0 0 _a320.902
_bLEM V-1 1954
100 1 _aLewis, Ewart,
_d-1968,
_9108471
245 1 0 _aMedieval political ideas /
_cEwart Lewis
_nVolume One
260 _aNew York :
_bKnopf,
_c1954.
300 _axii, 356 p.;
_c26 cm.
504 _aIncludes bibliographical references. and Index
650 0 _aPolitical science
_xHistory
_yTo 1500.
_9108472
650 0 _aConstitutional history, Medieval.
_9497
942 _2ddc
_cBK
999 _c35625
_d35625